The human body / (Record no. 114903)
[ view plain ]
| 000 -LEADER | |
|---|---|
| fixed length control field | 00437nam a2200157 a 4500 |
| 005 - DATE AND TIME OF LATEST TRANSACTION | |
| control field | 20140414132116.0 |
| 008 - FIXED-LENGTH DATA ELEMENTS--GENERAL INFORMATION | |
| fixed length control field | 111011s19uu xx 00 eng d |
| 020 ## - INTERNATIONAL STANDARD BOOK NUMBER | |
| International Standard Book Number | 9781845386634 |
| 050 ## - LIBRARY OF CONGRESS CALL NUMBER | |
| Classification number | REF 612 |
| Item number | R56 2007 |
| 100 ## - MAIN ENTRY--PERSONAL NAME | |
| Personal name | Robinson, Richard, 1950- |
| 245 ## - TITLE STATEMENT | |
| Title | The human body / |
| Statement of responsibility, etc | Richard Robinson. |
| 260 ## - PUBLICATION, DISTRIBUTION, ETC. (IMPRINT) | |
| Place of publication, distribution, etc | London : |
| Name of publisher, distributor, etc | QED, |
| Date of publication, distribution, etc | 2007. |
| 440 ## - SERIES STATEMENT/ADDED ENTRY--TITLE | |
| Title | Super science |
| 650 ## - SUBJECT ADDED ENTRY--TOPICAL TERM | |
| Topical term or geographic name as entry element | Body, Human |
| General subdivision | Juvenile literature. |
| Withdrawn status | Lost status | Damaged status | Use restrictions | Home library | Current library | Shelving location | Date acquired | Source of acquisition | Cost, normal purchase price | Total Checkouts | Full call number | Barcode | Date last seen | Price effective from | Koha item type |
|---|---|---|---|---|---|---|---|---|---|---|---|---|---|---|---|
| Munich Library | Munich Library | Reference Section | 10/11/2011 | 2013.00 | REF 612 R56 2007 | M6839 | 04/14/2014 | 04/14/2014 | Books |